[Event "St Petersburg Korchnoi Memorial op"]
[Site "St Petersburg"]
[Date "2024.08.18"]
[Round "3"]
[White "Lipovoy, Danila"]
[Black "Tumaev, Vladimir"]
[Result "1-0"]
[WhiteElo "1988"]
[BlackElo "1754"]
[PlyCount "119"]
[EventDate "2024.08.17"]
[EventType "swiss"]
[EventRounds "9"]
[EventCountry "RUS"]
[SourceTitle "CBM 221 Extra"]
[Source "ChessBase"]
[SourceDate "2024.09.30"]
[SourceVersion "1"]
[SourceVersionDate "2024.09.30"]
[SourceQuality "1"]

1. c4 c5 2. e3 g6 3. d3 Bg7 4. Ne2 Nc6 5. Nbc3 Nf6 6. a3 0-0 7. Rb1 d5 8. cxd5 Nxd5 9. Nxd5 Qxd5 10. Nc3 Qd8 11. Be2 Bf5 12. 0-0 Ne5 13. e4 Be6 14. Be3 Rc8 15. f4 Nc6 16. Bxc5 Nd4 17. Bxd4 Bxd4+ 18. Kh1 Bxc3 19. bxc3 Rxc3 20. Qa4 Qd6 21. Qxa7 Rxa3 22. Qxb7 Ra2 23. Bf3 Rd2 24. e5 Qxd3 25. Qxe7 Rf2 26. Rfd1 Rd2 27. Rxd2 Qxd2 28. Qg5 Rc8 29. h4 Rc1+ 30. Rxc1 Qxc1+ 31. Kh2 Qd2 32. h5 Kf8 33. Qf6 Qd4 34. Bc6 Bd7 35. Qd8+ Kg7 36. h6+ Kxh6 37. Qf8+ Kh5 38. Bf3+ Bg4 39. Qxf7 Bxf3 40. Qxh7+ Kg4 41. Qxg6+ Kxf4 42. Qf6+ Ke4 43. gxf3+ Ke3 44. Kg3 Qa1 45. Qf4+ Kd3 46. Qe4+ Kc3 47. Qe3+ Kc4 48. e6 Qg7+ 49. Kf2 Qe7 50. Qe5 Qh4+ 51. Kg2 Qe7 52. Kg3 Kd3 53. Kg4 Kc4 54. f4 Qb7 55. Qe2+ Kc5 56. e7 Qd7+ 57. Kg5 Qe8 58. Qe6 Kd4 59. f5 Kd3 60. Qd6+ 1-0